Statistiques concernant Disney paroles - L'incantation de la guérison (Raiponce)

Cliquez ici pour prendre le quiz!

Statistiques générales

  • Ce quiz a été pris 1 093 fois
    (1 001 depuis la dernière actualisation)
  • Le résultat moyen est 33 sur 35

Statistiques - réponses

HintRéponse% Correct
m'a
100%
m'a
100%
m'a
100%
aux
99%
d'or
99%
ParolesFleur
99%
le
99%
pétales
99%
qu'il
99%
qu'il
99%
qu'il
99%
ce
98%
Ce
98%
Ce
98%
ce
98%
magie
98%
moi
98%
moi
98%
pris
98%
pris
98%
pris
98%
rend
98%
rend
98%
ta
98%
temps
96%
Inverse
95%
Répend
90%
les
88%
blessures
87%
destin
81%
la
76%
Guérit
74%
impure
73%
pluie
72%
Eloigne
65%

Distribution des résultats

Percentile par nombre de réponses

% des personnes avec chaque résultat

Votre développement - résultats

Vous n’avez pas pris ce quiz depuis la dernière actualisation